000 00427nam a22001817a 4500
003 MPLRDC
005 20220104144017.0
008 210129b ||||| |||| 00| 0 eng d
020 _a962-432-041-1
082 _a192.3 ZQY
100 _a陈家瑜
245 _a女性社交策略
_c
250 _a初版
260 _a
_b世界出版社
_c1992
300 _b
650 _a修养; 社交礼仪
942 _cBK
_o192.3 ZQY
999 _c45510
_d45500